Vývojové trendy vo svetovej ekonomike a na kapitálových trhoch

Zmeny ekonomík a kapitálových trhov vo vyspelých krajinách, vyplývajúce zo štruktúrnych zmien najmä v oblasti priemyslu. Vzťah medzi ekonomikou a kapitálovým trhom. Reštrukturalizácia ekonomík krajín V4 a jej vplyv na ich kapitálové trhy. Odvetvová štruktúra hrubého domáceho produktu v SR, ČR, Maďar...

ver descrição completa

Na minha lista:
Detalhes bibliográficos
Autor principal: Chovancová, Božena
Outros Autores: Fabová, Ľudmila, Kořený, Karel
Formato: Capítulo de Livro
Idioma:eslovaco
Assuntos:
Tags: Adicionar Tag
Sem tags, seja o primeiro a adicionar uma tag!

MARC

LEADER 00000naa a2200000 4500
001 r049669
005 20240502071344.7
041 0 |a slo 
044 |a SK 
245 1 0 |a Vývojové trendy vo svetovej ekonomike a na kapitálových trhoch  |c Božena Chovancová, Ľudmila Fabová, Karel Kořený 
520 |a Zmeny ekonomík a kapitálových trhov vo vyspelých krajinách, vyplývajúce zo štruktúrnych zmien najmä v oblasti priemyslu. Vzťah medzi ekonomikou a kapitálovým trhom. Reštrukturalizácia ekonomík krajín V4 a jej vplyv na ich kapitálové trhy. Odvetvová štruktúra hrubého domáceho produktu v SR, ČR, Maďarsku a Poľsku. 
610 2 0 |a vývoj hospodársky 
610 2 0 |a hospodárstvo svetové 
610 2 0 |a trh kapitálový 
610 2 0 |a ekonomika nová 
610 2 0 |a reštrukturalizácia 
610 2 0 |a štruktúra ekonomiky odvetvová 
610 2 0 |a Vyšehradská štvorka 
100 1 |a Chovancová, Božena 
700 1 |a Fabová, Ľudmila 
700 1 |a Kořený, Karel